000
00287nam a2200121Ia 4500
008
140130s9999 xx 000 0 und d
245
_c
Wood, Don
_a
Merry christmas, big hungry bear!
260
_b
Scholastic,
_c
2002
440
_v
1
521
_a
Grade 1
942
_c
BK
999
_c
39950
_d
39950